| 000 | 01376nam a22002775a 4500 | ||
|---|---|---|---|
| 003 | OSt | ||
| 005 | 20170509153841.0 | ||
| 008 | 170509s2013 qa a fr f000 0 ara d | ||
| 020 | _a9789953027418 | ||
| 040 |
_aEG-ScBUE _bara _cEG-ScBUE _dEG-ScBUE |
||
| 043 |
_aa-is--- _ama----- _an-us--- |
||
| 082 | 0 | 4 |
_222 _a327.56940174927 _bأ ب و |
| 100 | 1 | _aأبو رمان، سامر رضوان. | |
| 245 | 1 | 2 |
_aالصراع العربي - الإسرائيلي في استطلاعات الرأي الأمريكية / _cسامر رضوان أبو رمان. |
| 246 | 3 | 3 |
_aThe perception of the Arab - Israeli conflict in the American polls _btheory and practice |
| 250 | _aط. 1. | ||
| 260 |
_aالدوحة : _bالمركز العربي للأبحاث ودراسة السياسات، _c2013. |
||
| 300 |
_a574 ص. : _bإيض. ؛ _c24 سم. |
||
| 500 | _aأصل الكتاب أطروحة دكتوراه قدمت في قسم العلوم السياية في معهد البحوث والدراسات العربية في القاهرة - جامعة الدول العربية، بتاريخ 13 / 9 / 2011. | ||
| 504 | _aيشتمل على إرجاعات ببليوجرافية. | ||
| 650 | 7 |
_aالنزاع العربي الإسرائيلي. _2BUEsh |
|
| 650 | 7 | _aالرأي العام الأجنبي، الأميركي. | |
| 651 | 7 | _2BUEsh | |
| 653 |
_bGGEN _cMay2017 |
||
| 942 | _2ddc | ||
| 999 |
_c24818 _d24790 |
||